LEADER 00815nam a2200205 i 4500 001 000000174581 003 CaOOAMICUS 005 20080919000000.0 008 080919n it u000 u ita u 013 $a152057 040 $aSeMil$bita 245 10$a[3]. 300 $aX, 1290 p. 500 $aContiene : Racconti e novelle [1895-1903] ; Appendice ; Appendice critica ; Dati biografici essenziali ; Bibliografia. 700 1 $a?echov, Anton Pavlovi?,$d<1860-1904>.$0(OLS)http://semarc/name/1556 773 0 $a?echov, Anton Pavlovi? <1860-1904>$tRacconti e novelle.$dFirenze : Sansoni, stampa 1955.$w()20047 850 $aSeMil 852 $aSeMil$W1$xVenegono$y1$m1W VI 126$j125417$B125417$CSeMilBibl$Z2$F136386 $81 961 $aOmaggio: Ciprandi dott. Paolo 996 $6245$a[3]$9(OLS)http://semarc/title/108876 LEADER 01602nam a2200253 i 4500 001 000000257104 003 CaOOAMICUS 005 20180130000000.0 008 180130s1768 it u000 u ita u 013 $a236012 026 $ai.u- e-mi a-he peal (3) 1768 (R) 040 $aSeMil$bita 245 10$aSupplimento all'Opere del p. m. Paolo Sarpi servita teologo e consultore della Serenissima Repubblica di Venezia. Tomo secondo ovvero l'ottavo nella continuazione delle sue Opere. 300 $a[4], 378, [2] p. 500 $aSegn.: *2 A-2Z4 3A6. 773 0 $aSarpi, Paolo <1552-1623>$tOpere di f. Paolo Sarpi servita, teologo e consultore della serenissima repubblica di Venezia. Tomo 1. [-8.].$dIn Helmstat [i.e. Verona] : Per Jacopo Mulleri [i.e. Marco Moroni], 1761-1768$g8$w()10033 774 0 $tConsolazione della mente nella tranquillita di coscienza cavata dal buon modo di vivere nella citta di Venezia nel preteso interdetto di papa Paolo 5. del p. maestro Paolo Sarpi.$w()329671 774 0 $tVarie scritture di fra Paolo.$w()329672 774 0 $tInstruzione ai principi circa la politica dei padri Gesuiti di F. Fulgenzio ... In questa edizione illustrata di varie amplissime note.$w()329673 850 $aSeMil 852 $aSeMil$W1$xVenegono$y1$m3T V 33 FA$j207450$B207450$CSeMilBibl$Z2$F220914 $8I 941 1 $a10 961 $aRecupero: Mantegazza 996 $6245$aSupplimento all'Opere del p. m. Paolo Sarpi servita teologo e consultore della Serenissima Repubblica di Venezia. Tomo secondo ovvero l'ottavo nella continuazione delle sue Opere$9(OLS)http://semarc/title/412663